000 01557nam0a2200421 4500
001 RU\NLR\bibl\338259
005 20260406151439.0
010 _a5-224-03870-7
_bВ пер.
_940000
021 _aRU
_b2002-39965
_91943
035 _a(NLR Aleph) 000333151
090 _a169626
_c169626
100 _a20021104d2002 |||y0rusy50 ca
101 0 _arus
102 _aRU
105 _aa |||||||||
200 1 _aТрагедия
_aКомедия
_fБорис Акунин
_g[Худож. Г. Златогоров]
210 _aМ.
_cОЛМА-пресс
_d2002
215 _a112, 77, [3] с.
_cил.
_d17
309 _aКн.-"перевертыш"
327 1 _aСодерж.: Гамлет. Версия: Трагедия в двух актах; Зеркало Сен-Жермена: Святоч. история в двух действиях
333 _a18+
610 0 _aДраматические произведения (х. л.)
675 _a821.161.1-2 Акунин
_v3
_zrus
686 _a17.82
_2rugasnti
686 _a84(2Рос-Рус)6
_2rubbk
686 _aШ6(2=Р)75-66
686 _aШ6(4Вл)437-669{Лх1293-238}
700 1 _4070
_8rus
_7ca
_aАкунин
_bБ.
_gБорис
_f1956-
_3RU\NLR\auth\775367
_9115331
801 0 _aRU
_bRKP
_c20021104
_gPSBO
801 1 _aRU
_bRKP
_c20021104
801 2 _aRU
_bNLR
_c20021209
_grcr
942 _cBOOK
980 _aNB
980 _aIA
996 _aиноагент
_bp
_cЧхартишвили Григорий Шалвович